[Event "Eje Cafetero Region U12"]
[Site "Eje Cafetero"]
[Date "2009.03.23"]
[Round "6.11"]
[White "Brochero, Miguel Angel"]
[Black "Aguilar, Laura Juliana"]
[Result "0-1"]
[WhiteElo "1400"]
[BlackElo "1400"]
[PlyCount "28"]
[EventDate "2009.03.23"]
[EventType "swiss"]
[EventRounds "7"]
[EventCountry "COL"]
[SourceTitle "EXT 2024"]
[Source "ChessBase"]
[SourceDate "2023.10.10"]
[SourceVersion "1"]
[SourceVersionDate "2023.10.10"]
[SourceQuality "1"]

1. e4 e5 2. Nf3 Nf6 3. Bc4 Bc5 4. c3 d5 5. exd5 Nxd5 6. Bxd5 Qxd5 7. Na3 Bxa3 8. bxa3 b6 9. Bb2 Bb7 10. 0-0 Nc6 11. Rb1 Na5 12. Re1 e4 13. Ng5 e3 14. dxe3 Qxg2# 0-1